000 00224nam a22001097a 4500
041 _aeng
080 _a80
100 _aDavid, Michel
245 _aPrecis Pratique de Grammaire Francaise.
650 _aFrench
999 _c281174
_d281174
942 _cBK